000 00357nam a2200133Ia 4500
005 20251222143119.0
008 251222s9999||||xx |||||||||||||| ||spa||
020 _a978-612-45478-3-6
082 _a616.398.85/P18
100 _aPajuelo Ramírez, Jaime
245 0 _aEl Sobrepeso y la Obesidad en el Perú:
264 _bFondo Editorial UNMSM
942 _cLIB
999 _c11474
_d11474